000 01903nam a22003257a 4500
005 20260127124303.0
008 260112b mx |||||||| |||| 00| 0 spa d
020 _a968432345X [V. 1]
020 _a9684324278 [V. 2]
050 0 4 _aPR4620.S6
_bF73 1979
100 1 _aDoyle, Conan
240 1 4 _aThe adventures of Sherlock Holmes
_lespañol
245 1 0 _aAventuras de Sherlock Holmes
_c / Conan Doyle ; prólogo de María Elvira Bermúdez ; traducción de José Francés, Julio Palencia y Ceferino Palencia
250 _a1a ed.
260 _aMéxico :
_bPorrúa,
_c1979
300 _av. ;
_c22 cm.
490 0 _aSepan Cuántos...;
_v341, 343
505 1 _tV. 1 Un crimen extraño, El interesante griego, Triunfos de Sherlock Holmes, Los tres estudiantes, El mendigo de la cicatriz, K. K. K., La muerte del coronel, Un protector original, El novio de Miss Sutherland, Las aventuras de una ciclista, El misterio de Boscombe, Policía fina, El casado sin mujer, La diadema de Berilos, El carbunclo azul, Silver Blaze, Un empleo extraño, El ritual de los Musgrave, El Gloria Scott, El documento robado --
_tV. 2 El perro de Baskerville, La marca de los cuatro, El pulgar del ingeniero, La banda moteada, Nuevos triunfos de Sherlock Holmes, El enemigo de Napoleón, El campeón de foot-ball, El cordón de la campanilla, Los Cunningham's, Las dos manchas de sangre --
600 1 4 _aHolmes, Sherlock (personaje ficticio)
_vRelatos
600 1 4 _aDoyle, Conan,
_d1859-1930,
_vAntologías
650 7 _2lemb
_aLiteratura inglesa
_ySiglo XIX-XX
650 7 _2lemb
_aLiteratura
_xMisterio
650 7 _2lemb
_aCuento inglés
_ySiglo XIX-XX
650 7 _2lemb
_aAutores ingleses
_ySiglo XIX-XX
_vAntologías
700 1 _aFrancés, José,
_etraductor
700 1 _aPalencia, Julio,
_etraductor
700 1 _aPalencia, Ceferino,
_eautor
700 1 _aBermúdez, María Elvira,
_eprologuista
942 _2lcc
_cLIB
999 _c55625
_d55625